Every flag with the colour Red - Statistics

General Stats
  • This quiz has been taken 17 times
  • The average score is 83 of 146
Answer Stats
Answer % Correct
Mexico
91%
Russia
91%
Australia
82%
Canada
82%
China
82%
Colombia
82%
Indonesia
82%
New Zealand
82%
Poland
82%
United Kingdom
82%
United States of America
82%
Venezuela
82%
Albania
73%
Andorra
73%
Austria
73%
Dominican Republic
73%
France
73%
Georgia
73%
Hungary
73%
Italy
73%
Japan
73%
Moldova
73%
Netherlands
73%
Norway
73%
Peru
73%
Portugal
73%
Spain
73%
Algeria
64%
Azerbaijan
64%
Bahrain
64%
Bangladesh
64%
Belize
64%
Benin
64%
Bolivia
64%
Bulgaria
64%
Chile
64%
Costa Rica
64%
Cuba
64%
Czechia
64%
Denmark
64%
Dominica
64%
Ecuador
64%
Fiji
64%
Haiti
64%
Iceland
64%
Iran
64%
Kyrgyzstan
64%
Latvia
64%
Liberia
64%
Lithuania
64%
Malaysia
64%
Mali
64%
Monaco
64%
Mongolia
64%
North Korea
64%
Panama
64%
Qatar
64%
Romania
64%
Serbia
64%
Slovakia
64%
South Africa
64%
South Korea
64%
Switzerland
64%
Syria
64%
Thailand
64%
Togo
64%
Trinidad and Tobago
64%
Tunisia
64%
Turkey
64%
Vietnam
64%
Angola
55%
Antigua and Barbuda
55%
Armenia
55%
Belarus
55%
Belgium
55%
Burundi
55%
Cambodia
55%
Chad
55%
Croatia
55%
Egypt
55%
Germany
55%
Guyana
55%
Iraq
55%
Libya
55%
Luxembourg
55%
Macedonia
55%
Malta
55%
Montenegro
55%
Morocco
55%
Myanmar
55%
Paraguay
55%
Philippines
55%
São Tomé and Principe
55%
Seychelles
55%
Slovenia
55%
St Kitts and Nevis
55%
Suriname
55%
Cameroon
45%
Congo
45%
East Timor
45%
El Salvador
45%
Ethiopia
45%
Gambia
45%
Ghana
45%
Jordan
45%
Kenya
45%
Kuwait
45%
Laos
45%
Lebanon
45%
Madagascar
45%
Malawi
45%
Mozambique
45%
Namibia
45%
Nepal
45%
Oman
45%
Papua New Guinea
45%
Senegal
45%
Singapore
45%
South Sudan
45%
Sri Lanka
45%
Sudan
45%
Tajikistan
45%
Turkmenistan
45%
Uganda
45%
United Arab Emirates
45%
Zambia
45%
Zimbabwe
45%
Brunei
36%
Burkina Faso
36%
Comoros
36%
Equatorial Guinea
36%
Eritrea
36%
Grenada
36%
Kiribati
36%
Liechtenstein
36%
Maldives
36%
Mauritius
36%
Samoa
36%
Tuvalu
36%
Vanuatu
36%
Yemen
36%
Cape Verde
27%
Djibouti
27%
Guinea
27%
Guinea-Bissau
27%
Congo D.R
18%
No matching quizzes found
Score Distribution
Percent of People with Each Score
Percentile by Number Answered
Your Score History
You have not taken this quiz